| 000 | 00373nam a2200157Ia 4500 | ||
|---|---|---|---|
| 008 | 210210b1960 xxu||||| |||| 00| 0 eng d | ||
| 041 | _aeng | ||
| 082 | _a590/267 | ||
| 100 | _aROMER (A S) | ||
| 245 | _aVertebrate story | ||
| 260 |
_aChicago _bThe University of Chicago Press _c1960 |
||
| 650 | _aVertebrate | ||
| 650 | _astory | ||
| 690 | _aZoology | ||
| 906 | _a010838 | ||
| 999 |
_c138730 _d138730 |
||